Statistiques concernant Institutions de l'Union Européenne

Cliquez ici pour prendre le quiz!

Statistiques générales

  • Ce quiz a été pris 240 fois
  • Le résultat moyen est 4 sur 7

Statistiques - réponses

Type de quizInstitution% Correct
PolitiqueParlement européen
88%
PolitiqueCommission européenne
69%
EconomiqueBanque centrale européenne
68%
PolitiqueConseil européen
62%
JudiciaireCour de justice de l'Union européenne
44%
PolitiqueConseil de l'Union européenne
43%
EconomiqueCour des comptes européenne
16%

Distribution des résultats

Percentile par nombre de réponses

% des personnes avec chaque résultat

Votre développement - résultats

Vous n’avez pas pris ce quiz